WIRELESS DIGITAL COMMUNICATIONS (Record no. 23169)

000 -LEADER
fixed length control field 00255nam a22001217a 4500
003 - CONTROL NUMBER IDENTIFIER
control field Nust
005 - DATE AND TIME OF LATEST TRANSACTION
control field 20170321111900.0
008 - FIXED-LENGTH DATA ELEMENTS--GENERAL INFORMATION
fixed length control field 170321b xxu||||| |||| 00| 0 eng d
020 ## - INTERNATIONAL STANDARD BOOK NUMBER
International Standard Book Number 8120314727
040 ## - CATALOGING SOURCE
Original cataloging agency DLC
Language of cataloging DLC
Transcribing agency RCMS
082 ## - DEWEY DECIMAL CLASSIFICATION NUMBER
Classification number 621.3845 FEH
100 ## - MAIN ENTRY--PERSONAL NAME
Personal name DR. KAMILO FEHER
245 ## - TITLE STATEMENT
Title WIRELESS DIGITAL COMMUNICATIONS
Statement of responsibility, etc. Modulation & Spread Spectrum Applications
260 ## - PUBLICATION, DISTRIBUTION, ETC.
Place of publication, distribution, etc. New Delhi India
Name of publisher, distributor, etc. Prectice-Hall
Date of publication, distribution, etc. c1995
300 ## - PHYSICAL DESCRIPTION
Extent xx,524,p:
Other physical details ill:
Dimensions 26,cm.
650 ## - SUBJECT ADDED ENTRY--TOPICAL TERM
Topical term or geographic name entry element Electrical & Electronic Engineering/ Radio Operation
856 ## - ELECTRONIC LOCATION AND ACCESS
Materials specified Table of Content Only
942 ## - ADDED ENTRY ELEMENTS (KOHA)
Koha item type Book
Source of classification or shelving scheme
Holdings
Withdrawn status Lost status Damaged status Not for loan Permanent Location Current Location Shelving location Date acquired Total Checkouts Full call number Barcode Date last seen Date last checked out Price effective from Koha item type
        NUST Baluchistan Campus (NBC) NUST Baluchistan Campus (NBC) General Stacks 01/29/2014 1 621.3845 RCMS000355 09/04/2014 09/04/2014 01/29/2014 Book
© 2023 Central Library, National University of Sciences and Technology. All Rights Reserved.